000 01188cam a2200205 4500500
005 20260208002203.0
041 _afre
042 _adc
100 1 0 _aDidier, Marie
_eauthor
245 0 0 _aTransmission et écriture
260 _c2015.
500 _a39
520 _aLa lecture dans l’enfance et celle découverte plus tard grâce à des amis ont transmis à l’auteur l’amour de la littérature. L’écriture, ensuite, lui a permis un travail de lucidité sur soi-même qui a éclairé sa pratique médicale. Certains livres conseillés aux patients ont su être une aide au moins aussi importante parfois que celle apportée par un médicament. L’histoire de J.-B Pussin, racontée dans son ouvrage Dans la nuit de Bicêtre, a pu avoir, de façon imprévisible, un impact politique, en transmettant les valeurs de cet homme sans culture aux « résistants » d’aujourd’hui de la psychiatrie contemporaine.
690 _aécriture
690 _aenfance
690 _aroman
690 _avaleur
786 0 _nEmpan | 100 | 4 | 2015-12-18 | p. 132-134 | 1152-3336
856 4 1 _uhttps://shs.cairn.info/revue-empan-2015-4-page-132?lang=fr&redirect-ssocas=7080
999 _c1645770
_d1645770